000 00619nam a2200229 i 4500
001 C2-0084622
003 PPAK
005 20180727090054.0
008 970429s1983 mnua|||| ||||| | eng d
020 _a0896862194
040 _aPPAK
_beng
_cPPAK
_erda
082 0 4 _a599.3232
_223
090 0 0 _a599.3232
_bNEN
_dG
100 1 _aNentl, Jerolyn Ann,
_eauthor
245 1 4 _aThe beaver
264 1 _aMankato, Minnesota :
_bCrestwood House ,
_c1983
300 _a46 pages :
_billustrations ;
_c23 cm
336 _2rdacontent
_atext
337 _2rdamedia
_aunmediated
338 _2rdacarrier
_avolume
942 _ddc
_cB
999 _c16590
_d16590